[Event "Druzynowe Mistrzostwa Polski - II Liga S"]
[Site "Ustron/Slaski Zwiazek Szachowy"]
[Date "2008.09.11"]
[Round "6.53"]
[White "Sliwinski, Marcin"]
[Black "Jonczyk, Krzysztof"]
[Result "1/2-1/2"]
[WhiteElo "2127"]
[BlackElo "2049"]
[PlyCount "122"]
[EventDate "2008.??.??"]

1. e4 c6 2. d4 d5 3. e5 Bf5 4. Nf3 e6 5. Be2 Nd7 6. O-O Ne7 7. h3 c5 8. c3 Nc6
9. Re1 Be7 10. Nbd2 cxd4 11. cxd4 Nb4 12. Rf1 Nc2 13. Rb1 Qb6 14. Nb3 Nxd4 15.
Be3 Nxf3+ 16. Bxf3 Qd8 17. Rc1 Nxe5 18. Be2 O-O 19. Nd4 Be4 20. f3 Bg6 21. f4
Nd7 22. f5 exf5 23. Nxf5 Bxf5 24. Rxf5 Nf6 25. Bd4 Rc8 26. Bxa7 b6 27. Bd3 Rxc1
28. Qxc1 Bc5+ 29. Kh1 Qe7 30. b4 Be3 31. Qe1 Re8 32. Qg3 Bd4 33. Bb8 Qxb4 34.
Bd6 Qe1+ 35. Rf1 Qxg3 36. Bxg3 Re3 37. Rf3 Ne4 38. Kh2 Nxg3 39. Kxg3 Re7 40.
Bb5 f6 41. Bc6 Be5+ 42. Kf2 d4 43. Rb3 Ra7 44. Bd5+ Kf8 45. Rxb6 Ke7 46. Rb7+
Rxb7 47. Bxb7 Bc7 48. Ke2 Kd6 49. Kd3 Ke5 50. a4 f5 51. Bf3 Ba5 52. Kc4 Be1 53.
Kb5 Kf4 54. a5 d3 55. a6 Bf2 56. Kc4 d2 57. Kd3 Be3 58. Bd1 Ba7 59. Kxd2 g5 60.
Bf3 g4 61. hxg4 fxg4 1/2-1/2

[Event "Druzynowe Mistrzostwa Polski - II Liga S"]
[Site "Ustron/Slaski Zwiazek Szachowy"]
[Date "2008.09.11"]
[Round "6.54"]
[White "Maka-polkowska, Magdalena"]
[Black "Krokay, Urszula"]
[Result "1-0"]
[WhiteElo "2056"]
[BlackElo "2018"]
[PlyCount "59"]
[EventDate "2008.??.??"]

1. e4 c5 2. Nc3 Nc6 3. g3 d6 4. Bg2 g6 5. d3 Bg7 6. Be3 Rb8 7. f4 e6 8. Nf3 Nd4
9. O-O Ne7 10. Qd2 b5 11. e5 Nef5 12. Bf2 Nxf3+ 13. Bxf3 Nd4 14. Bg2 dxe5 15.
Ne4 exf4 16. gxf4 Bb7 17. c3 Nf5 18. Bxc5 a6 19. Qf2 Bf8 20. Bb6 Qxd3 21. Rfd1
Qc4 22. b3 Qc8 23. Nf6+ Ke7 24. Bd8+ Qxd8 25. Rxd8 Rxd8 26. Qc5+ Kxf6 27. Qe5+
Ke7 28. Bxb7 Bh6 29. Bxa6 Rd5 30. Qxh8 1-0

[Event "Druzynowe Mistrzostwa Polski - II Liga S"]
[Site "Ustron/Slaski Zwiazek Szachowy"]
[Date "2008.09.11"]
[Round "6.55"]
[White "Grabarczyk, Bogdan"]
[Black "Czyz, Artur"]
[Result "1-0"]
[WhiteElo "2449"]
[BlackElo "2081"]
[PlyCount "51"]
[EventDate "2008.??.??"]

1. e4 e6 2. d4 d5 3. Nc3 dxe4 4. Nxe4 Bd7 5. Nf3 Bc6 6. Bd3 Nd7 7. O-O Ngf6 8.
Ned2 Be7 9. Nc4 b6 10. Nce5 Bb7 11. Nxf7 Bxf3 12. Nxd8 Bxd1 13. Nxe6 Bg4 14.
Nxc7+ Kf7 15. Nxa8 Rxa8 16. Re1 Bd6 17. c4 Rc8 18. Bd2 g6 19. f3 Bf5 20. Bf1 h5
21. b4 h4 22. Rac1 Bb8 23. Bg5 Rh8 24. c5 bxc5 25. bxc5 Nd5 26. Bc4 1-0

[Event "Druzynowe Mistrzostwa Polski - II Liga S"]
[Site "Ustron/Slaski Zwiazek Szachowy"]
[Date "2008.09.11"]
[Round "6.56"]
[White "Swicarz, Maciej"]
[Black "Duch, Mariusz"]
[Result "1-0"]
[WhiteElo "2284"]
[BlackElo "2269"]
[PlyCount "87"]
[EventDate "2008.??.??"]

1. e4 d6 2. d4 Nf6 3. Nc3 g6 4. f3 c6 5. Be3 Nbd7 6. Qd2 b5 7. O-O-O Qa5 8. Kb1
Rb8 9. g4 Nb6 10. Nd5 Qxd2 11. Nxf6+ exf6 12. Bxd2 a6 13. Ne2 h5 14. g5 fxg5
15. Bxg5 Be7 16. Be3 d5 17. Bf4 Rb7 18. Rg1 Bf6 19. Nc1 dxe4 20. fxe4 Bg4 21.
Rd3 Rd7 22. Nb3 Na4 23. e5 Bh4 24. Bg2 Rc7 25. Na5 c5 26. Bc6+ Rxc6 27. Nxc6 c4
28. Ra3 Kd7 29. d5 c3 30. bxc3 Bf2 31. Rg2 Bc5 32. Rb3 Bf3 33. Rd2 Nb6 34. c4
Be4 35. cxb5 Nc4 36. e6+ fxe6 37. Ne5+ Nxe5 38. Bxe5 Rf8 39. dxe6+ Kxe6 40. Bd4
Rf1+ 41. Kb2 Bd6 42. bxa6 g5 43. Rb5 Rf5 44. a4 1-0

[Event "Druzynowe Mistrzostwa Polski - II Liga S"]
[Site "Ustron/Slaski Zwiazek Szachowy"]
[Date "2008.09.11"]
[Round "6.57"]
[White "Flak, Pawel"]
[Black "Rudnicki, Milosz"]
[Result "1/2-1/2"]
[WhiteElo "2120"]
[BlackElo "2197"]
[PlyCount "28"]
[EventDate "2008.??.??"]

1. d4 Nf6 2. c4 e6 3. Nc3 Bb4 4. Qc2 d5 5. Nf3 Ne4 6. e3 c6 7. Bd3 f5 8. O-O
O-O 9. cxd5 cxd5 10. a3 Be7 11. b4 Nd7 12. Bb2 Nb6 13. Ne5 Bd7 14. f3 Nxc3
1/2-1/2

[Event "Druzynowe Mistrzostwa Polski - II Liga S"]
[Site "Ustron/Slaski Zwiazek Szachowy"]
[Date "2008.09.11"]
[Round "6.58"]
[White "Lercel, Michal"]
[Black "Wypych, Dominik"]
[Result "1-0"]
[WhiteElo "2178"]
[BlackElo "2085"]
[PlyCount "77"]
[EventDate "2008.??.??"]

1. e4 e6 2. d4 d5 3. Nd2 Nf6 4. e5 Nfd7 5. f4 c5 6. c3 f5 7. Ndf3 Nc6 8. Bd3
Be7 9. Ne2 c4 10. Bc2 b5 11. Be3 Nb6 12. g4 g6 13. h4 Kd7 14. Ng3 Kc7 15. Ng5
Qf8 16. h5 Bd7 17. Qf3 Qg7 18. Kd2 Rag8 19. gxf5 gxf5 20. h6 Qf8 21. Nh5 Nd8
22. Ng7 Kc8 23. Qh5 Na8 24. b3 b4 25. bxc4 bxc3+ 26. Ke2 Nc7 27. c5 Ne8 28. c6
Bxc6 29. N5xe6 Nxe6 30. Nxe6 Rg2+ 31. Bf2 Qg8 32. Bxf5 Qg3 33. Qf3 Bb5+ 34. Ke3
Qxf3+ 35. Kxf3 Rxf2+ 36. Kxf2 Nc7 37. Rhc1 Bb4 38. Rab1 a5 39. a3 1-0

[Event "Druzynowe Mistrzostwa Polski - II Liga S"]
[Site "Ustron/Slaski Zwiazek Szachowy"]
[Date "2008.09.11"]
[Round "6.59"]
[White "Kurkowski, Zbigniew"]
[Black "Zminda, Bogdan"]
[Result "1/2-1/2"]
[WhiteElo "2113"]
[BlackElo "2156"]
[PlyCount "80"]
[EventDate "2008.??.??"]

1. e4 c5 2. Nf3 Nc6 3. d4 cxd4 4. Nxd4 Nf6 5. Nc3 g6 6. f4 d6 7. Nxc6 bxc6 8.
e5 dxe5 9. Qxd8+ Kxd8 10. fxe5 Nd5 11. Bc4 Nxc3 12. bxc3 f5 13. exf6 exf6 14.
O-O Bc5+ 15. Kh1 Bf5 16. Bh6 Kc7 17. Bg7 Rhe8 18. Bxf6 Bxc2 19. Rae1 Rxe1 20.
Rxe1 Rb8 21. Be5+ Bd6 22. Bxd6+ Kxd6 23. h3 Rb1 24. Rxb1 Bxb1 25. Kg1 g5 26.
Kf2 h5 27. g3 h4 28. gxh4 gxh4 29. Ke3 Ke5 30. a3 Be4 31. Be6 Bf5 32. Bxf5 Kxf5
33. Kf3 a6 34. a4 a5 35. Ke3 Ke5 36. Kf3 Kf5 37. Ke3 c5 38. Kf3 c4 39. Ke3 Ke5
40. Kf3 Kf5 1/2-1/2

[Event "Druzynowe Mistrzostwa Polski - II Liga Seniorow"]
[Site "Ustron/Slaski Zwiazek Szachowy"]
[Date "2008.09.12"]
[Round "6.61"]
[White "Nguyen, Piotr"]
[Black "Fudalej, Michal"]
[Result "1-0"]
[WhiteTitle "k++"]
[BlackTitle "FM"]
[WhiteElo "2329"]
[BlackElo "2309"]

1. d4 Nf6 2. Bg5 Ne4 3. Bh4 g5 4. f3 gxh4 5. fxe4 c5 6. e3 Qb6 7. Nc3 e6 8. Nf3
cxd4 9. exd4 a6 10. e5 d5 11. Ng5 Be7 12. Nxf7 Kxf7 13. Qh5+ Kg7 14. Qg4+ Kh6
15. Be2 Bd7 16. Rf1 Be8 17. Rf6+ Bg6 18. Qxh4+ Kg7 19. Rxg6+ Kxg6 20. Qxe7 Qd8
21. Qxe6+ Kg7 22. Qg4+ Kh6 23. Qe6+ Kg7 24. Nxd5 Nc6 25. Nf6 Rf8 26. d5 Ne7 27.
Qh3 h6 28. Qg4+ Kh8 29. Qh5 Kg7 30. O-O-O Qb6 31. Kb1 Qe3 32. d6 Ng8 33. Nxg8
Rxg8 34. Bc4 Rgf8 35. e6 Rf4 36. b3 b5 37. Bd5 Rc8 38. d7 Rcf8 39. Bf3 Rd8 40.
Qe8 Rf8 41. Qe7+ Kh8 42. Qd6 1-0

[Event "Druzynowe Mistrzostwa Polski - II Liga Seniorow"]
[Site "Ustron/Slaski Zwiazek Szachowy"]
[Date "2008.09.12"]
[Round "6.62"]
[White "Urbanski, Grzegorz"]
[Black "Michniewski, Tomasz"]
[Result "0-1"]
[WhiteTitle "I++"]
[BlackTitle "k"]
[WhiteElo "2158"]
[BlackElo "2227"]

1. e4 c5 2. Nf3 d6 3. d4 cxd4 4. Nxd4 Nf6 5. Nc3 e6 6. Bc4 Be7 7. Be3 Nc6 8.
Bb3 O-O 9. Qe2 a6 10. O-O-O Qc7 11. Rhg1 Nd7 12. g4 Nc5 13. Nf5 Nxb3+ 14. axb3
Rd8 15. Nxe7+ Nxe7 16. g5 d5 17. h4 b5 18. h5 Bb7 19. exd5 Nxd5 20. Nxd5 Rxd5
21. Rxd5 Bxd5 22. Kb1 Rc8 23. h6 Be4 24. Rc1 Qe5 25. Qd2 Qd5 26. Rd1 Rxc2 27.
Qxd5 exd5 28. Ka2 Rc6 29. Rc1 Bc2 30. Rh1 a5 31. hxg7 Kxg7 32. Bd4+ Kf8 33. Re1
a4 34. b4 Rc4 35. Bf6 Rf4 36. Re2 Bb3+ 37. Kb1 h5 38. Kc1 h4 39. Re7 Rxf2 40.
Rc7 Ke8 41. Re7+ Kf8 42. Rc7 Re2 43. Rc8+ Re8 44. Bg7+ Ke7 45. Rc3 Kd6 46. Rf3
Re2 47. Bf8+ Ke6 48. Rf6+ Ke5 49. Bd6+ Kd4 50. Rxf7 Kd3 51. Rf3+ Re3 52. Rf1 d4
53. Bf4 Re2 54. Rh1 Rd2 55. Kb1 Rg2 56. Kc1 Re2 57. Kb1 Rf2 58. Be5 Ke3 59. g6
d3 60. Re1+ Re2 61. Rf1 d2 0-1

[Event "Druzynowe Mistrzostwa Polski - II Liga Seniorow"]
[Site "Ustron/Slaski Zwiazek Szachowy"]
[Date "2008.09.12"]
[Round "6.63"]
[White "Szymczak, Rafal"]
[Black "Trendota, Dawid"]
[Result "1/2-1/2"]
[WhiteTitle "I++"]
[BlackTitle "I"]
[WhiteElo "2118"]
[BlackElo "1981"]

1. f4 d5 2. Nf3 Nf6 3. g3 e6 4. Bg2 c5 5. O-O Nc6 6. d3 Be7 7. c3 O-O 8. Qc2
Qc7 9. e4 dxe4 10. dxe4 e5 11. Na3 Bg4 12. Be3 a6 13. Nc4 Nd7 14. Rad1 Rad8 15.
Bc1 Bxf3 16. Bxf3 b5 17. Ne3 c4 18. Nd5 Bc5+ 19. Kh1 Qa7 20. Qe2 Ne7 21. Nxe7+
Bxe7 22. Rd5 f6 23. Rfd1 Qc7 24. Be3 Nc5 25. Bxc5 Bxc5 26. Qd2 Bb6 27. Bg4 h6
28. Be6+ Kh8 29. f5 Rxd5 30. Qxd5 Qe7 31. Qc6 Rd8 32. Rd7 Rxd7 33. Qxd7 Qxd7
34. Bxd7 Kg8 35. Bc8 a5 36. Ba6 b4 37. Bxc4+ Kf8 38. cxb4 axb4 39. a3 bxa3 40.
bxa3 Ke7 41. Kg2 Bc5 42. a4 Bb4 43. Kf3 Kd6 44. Bd5 Bd2 45. Kg4 Ke7 46. Kh5 Ba5
47. Kg6 Kf8 48. g4 Be1 49. Be6 Bd2 50. h4 Be1 51. Kh5 Bd2 52. Bd5 Ke7 53. Kg6
Kf8 54. Ba2 Be1 55. g5 Bxh4 56. gxh6 gxh6 57. a5 Ke7 58. a6 Bf2 59. Kxh6 Ba7
60. Bd5 Bd4 61. Kh5 Ba7 62. Kg4 Bd4 63. Kf3 Kd6 64. Ke2 Ba7 65. Bb7 Bd4 66. Kd3
Ba7 67. Kc4 Bd4 1/2-1/2

[Event "Druzynowe Mistrzostwa Polski - II Liga Seniorow"]
[Site "Ustron/Slaski Zwiazek Szachowy"]
[Date "2008.09.12"]
[Round "6.64"]
[White "Szczyrba, Daniel"]
[Black "Borysiak, Boguslaw"]
[Result "1-0"]
[WhiteTitle "k"]
[BlackTitle "FM"]
[WhiteElo "2191"]
[BlackElo "2162"]

1. e4 c5 2. Nf3 d6 3. d4 cxd4 4. Nxd4 Nf6 5. Nc3 g6 6. Be3 Bg7 7. f3 O-O 8. Qd2
Nc6 9. O-O-O d5 10. Qe1 e5 11. Nxc6 bxc6 12. exd5 cxd5 13. Bg5 Be6 14. Qh4 h6
15. Bd2 g5 16. Qf2 Qb6 17. Qxb6 axb6 18. a3 Nd7 19. Bb5 Rad8 20. Rhe1 f5 21.
Nxd5 Bxd5 22. Bb4 Nf6 23. Be7 Bxf3 24. Rxd8 Rxd8 25. Bxd8 Bxg2 26. Rxe5 f4 27.
Bc4+ Kh7 28. Re7 Nd5 29. Rd7 Ne3 30. Bd3+ Kg8 31. Bxb6 Kf8 32. Bc5+ Kg8 33. a4
Bc6 34. Rd8+ Kf7 35. a5 Bf6 36. Rc8 Bd7 37. Rc7 Ke8 38. a6 Nd5 39. Rb7 Bc6 40.
Rh7 g4 41. a7 Kd8 42. c4 1-0

[Event "Druzynowe Mistrzostwa Polski - II Liga Seniorow"]
[Site "Ustron/Slaski Zwiazek Szachowy"]
[Date "2008.09.12"]
[Round "6.65"]
[White "Kulik, Wojciech"]
[Black "Sroka, Janusz"]
[Result "1/2-1/2"]
[WhiteTitle "k"]
[BlackTitle "I++"]
[WhiteElo "2046"]
[BlackElo "2156"]

1. e4 e5 2. Nf3 d6 3. d4 Nd7 4. Nc3 Ngf6 5. Bc4 Be7 6. O-O O-O 7. h3 c6 8. dxe5
dxe5 9. a4 a5 10. Qe2 Qc7 11. Nh4 Nc5 12. Nf5 Be6 13. Nxe7+ Qxe7 14. Bg5 h6 15.
Bh4 Bxc4 16. Qxc4 Ne6 17. Ne2 g5 18. Bg3 Nf4 19. Bxf4 gxf4 20. Rfd1 Rad8 21.
Nc3 Kh7 22. Rxd8 Rxd8 23. Rd1 Kg7 24. Rd3 Rxd3 25. Qxd3 Qb4 26. b3 Kf8 27. Qd8+
Ne8 28. Qd3 Ke7 29. g3 fxg3 30. Qxg3 Qd6 31. Qd3 Nf6 32. Ne2 Nh5 33. Ng3 Nxg3
34. Qxg3 b5 35. Qc3 b4 36. Qc4 Kf6 37. Kg2 Kg7 38. Kg3 Qg6+ 39. Kh2 Qd6 1/2-1/2

[Event "Druzynowe Mistrzostwa Polski - II Liga Seniorow"]
[Site "Ustron/Slaski Zwiazek Szachowy"]
[Date "2008.09.12"]
[Round "6.66"]
[White "Halamus, Agata"]
[Black "Leszner, Liliana"]
[Result "0-1"]
[WhiteTitle "I++"]
[BlackTitle "WIM"]
[WhiteElo "1935"]
[BlackElo "2140"]

1. c4 c5 2. Nc3 b6 3. e4 Nc6 4. g3 g6 5. Bg2 Bg7 6. d3 Bb7 7. Nge2 e6 8. Be3
Rc8 9. Qd2 a6 10. O-O Ne5 11. h3 f5 12. Nf4 Nf6 13. Qe2 O-O 14. exf5 Bxg2 15.
Nxg2 gxf5 16. Bxc5 Rxc5 17. d4 Nf3+ 18. Qxf3 Rxc4 19. Rad1 b5 20. Ne3 Rc8 21.
Rfe1 b4 22. Na4 Ne4 23. d5 Qe8 24. Nb6 Rb8 25. Nec4 Ng5 26. Qe2 f4 27. Qg4 fxg3
28. f4 Rxb6 29. Qxg5 Qc8 30. dxe6 Rxe6 31. Rxe6 dxe6 32. b3 e5 33. Qxg3 Rxf4
34. Kh2 Rf6 35. Rg1 Rg6 36. Qf3 Rxg1 37. Kxg1 h6 38. Qd5+ Kh7 39. Qe4+ Kh8 40.
Kh2 Qf8 41. Nxe5 Qb8 0-1

[Event "Druzynowe Mistrzostwa Polski - II Liga Seniorow"]
[Site "Ustron/Slaski Zwiazek Szachowy"]
[Date "2008.09.12"]
[Round "6.67"]
[White "Szczechowicz, Bartosz"]
[Black "Bulski, Krzysztof"]
[Result "1-0"]
[WhiteTitle "k+"]
[BlackTitle "FM"]
[WhiteElo "2270"]
[BlackElo "2388"]

1. d4 Nf6 2. c4 e6 3. Nf3 b6 4. a3 Bb7 5. Nc3 d5 6. cxd5 Nxd5 7. e3 Nxc3 8.
bxc3 Nd7 9. Bd3 Be7 10. O-O O-O 11. e4 c5 12. Bf4 c4 13. Bxc4 Bxe4 14. Qe2 Nf6
15. Ne5 Rc8 16. Bd2 Rc7 17. a4 Ba8 18. Bd3 Nd5 19. Rac1 g6 20. h3 Bg5 21. f4
Be7 22. Kh2 Qc8 23. c4 Nb4 24. Bb1 Rd8 25. Be3 Qa6 26. Bg1 Qxa4 27. Qg4 Bf8 28.
f5 exf5 29. Bxf5 Bg7 30. Bb1 Nc6 31. Nxc6 Qxc6 32. d5 Qa4 33. Kh1 Qd7 34. Qf4
b5 35. Ba2 bxc4 36. Bxc4 Rc5 37. Bxc5 1-0

[Event "Druzynowe Mistrzostwa Polski - II Liga Seniorow"]
[Site "Ustron/Slaski Zwiazek Szachowy"]
[Date "2008.09.12"]
[Round "6.68"]
[White "Drozd, Ryszard"]
[Black "Wcislo, Damian"]
[Result "1-0"]
[WhiteTitle "FM"]
[BlackTitle "k+"]
[WhiteElo "2261"]
[BlackElo "2216"]

1. d4 d5 2. c4 e6 3. Nc3 c6 4. Nf3 dxc4 5. e3 b5 6. a4 Bb4 7. Ne5 Nf6 8. Bd2
Bxc3 9. Bxc3 O-O 10. Bb4 Re8 11. b3 Nd5 12. Bc5 Qa5+ 13. Qd2 c3 14. Qc2 b4 15.
Nc4 Qc7 16. e4 Na6 17. Nd6 Rd8 18. Nxc8 Nxc5 19. dxc5 Ne3 20. fxe3 Rd2 21. Qc1
Rxc8 22. Ba6 Rcd8 23. O-O Qa5 24. Bc4 Qxc5 25. Qe1 c2 26. Rc1 Qe5 27. Qh4 f6
28. Qg4 Qb2 29. Qxe6+ Kh8 30. e5 Rd1 31. exf6 Rxf1+ 32. Rxf1 gxf6 33. Qe7 Ra8
34. Bd3 Kg8 35. Qxh7+ Kf8 36. Bg6 1-0

[Event "Druzynowe Mistrzostwa Polski - II Liga Seniorow"]
[Site "Ustron/Slaski Zwiazek Szachowy"]
[Date "2008.09.12"]
[Round "6.69"]
[White "Betkowski, Andrzej"]
[Black "Kuciel, Wladyslaw"]
[Result "1-0"]
[WhiteTitle "k"]
[BlackTitle "I+"]
[WhiteElo "2201"]
[BlackElo "2129"]

1. d4 Nf6 2. Bg5 Ne4 3. Bf4 c5 4. d5 d6 5. f3 Qa5+ 6. c3 Nf6 7. e4 Qb6 8. Qd2
Nbd7 9. Na3 g6 10. g4 Bg7 11. h4 h5 12. g5 Nh7 13. Ne2 Nhf8 14. Ng3 Ne5 15. Be2
Nfd7 16. Be3 Nb8 17. f4 Ng4 18. Bg1 Qc7 19. Nc4 b5 20. Ne3 Nxe3 21. Bxb5+ Bd7
22. Bxd7+ Nxd7 23. Bxe3 Rb8 24. O-O Qa5 25. e5 dxe5 26. f5 O-O 27. d6 exd6 28.
fxg6 fxg6 29. Qxd6 Qa4 30. b4 Rb6 31. Qd5+ Kh7 32. Rxf8 Bxf8 33. Rf1 Bg7 34.
Rf7 Nf8 35. Bxc5 Ne6 36. Bxb6 Nf4 37. Qd7 1-0

[Event "Druzynowe Mistrzostwa Polski - II Liga Seniorow"]
[Site "Ustron/Slaski Zwiazek Szachowy"]
[Date "2008.09.12"]
[Round "6.70"]
[White "Janiszewski, Maciej"]
[Black "Wozniak, Maciej"]
[Result "1-0"]
[WhiteTitle "I++"]
[BlackTitle "k"]
[WhiteElo "2072"]
[BlackElo "2221"]

1. e4 e5 2. Nc3 Nf6 3. f4 d5 4. fxe5 Nxe4 5. Nf3 Be7 6. d3 Nxc3 7. bxc3 Nd7 8.
d4 Nf8 9. Bd3 Ng6 10. O-O O-O 11. Be3 b6 12. Qd2 c5 13. Ng5 c4 14. Bf5 Bxf5 15.
Rxf5 f6 16. exf6 Rxf6 17. Raf1 Qd7 18. Rxf6 Bxf6 19. Qe2 h6 20. Nh3 Qe7 21. Qf3
Kh7 22. Bd2 Rd8 23. Qf5 Qe2 24. Qxg6+ Kxg6 25. Nf4+ Kf5 26. Nxe2+ Ke6 27. Nf4+
Kd6 28. Nh5 Be7 29. Nxg7 Kc6 30. Rf7 Bd6 31. Bxh6 Bb8 32. Bf4 Bxf4 33. Rxf4 Kb5
34. Ne6 Rd6 35. Rf6 Ka5 36. g4 Rd7 37. g5 Rh7 38. g6 1-0

[Event "Druzynowe Mistrzostwa Polski - II Liga Seniorow"]
[Site "Ustron/Slaski Zwiazek Szachowy"]
[Date "2008.09.12"]
[Round "6.71"]
[White "Kusina, Jan"]
[Black "Paczkowski, Adam"]
[Result "0-1"]
[WhiteTitle "k+"]
[BlackTitle "I"]
[WhiteElo "2147"]
[BlackElo "2030"]

1. d4 Nf6 2. Nf3 g6 3. c4 Bg7 4. Nc3 O-O 5. e4 d6 6. Bg5 h6 7. Bh4 c5 8. dxc5
Qa5 9. Bd3 Qxc5 10. O-O g5 11. Bg3 Nh5 12. Nd5 Nc6 13. Rb1 a5 14. a3 a4 15. Bc2
Nxg3 16. hxg3 Qa5 17. Qd3 Rd8 18. Rfd1 e6 19. Nc3 e5 20. Nd5 Be6 21. Nc3 Qa6
22. Nd2 Na5 23. Bxa4 Bxc4 24. Nxc4 Qxc4 25. Qxc4 Nxc4 26. Bb3 Na5 27. Bd5 Nc6
28. Nb5 Bf8 29. Rd3 Ra5 30. Bc4 Nd4 31. Nxd4 exd4 32. Rxd4 Bg7 33. Rd3 Rc8 34.
b3 b5 35. Rd5 Rc5 36. Rxd6 Rxa3 37. Bd5 Ra7 38. Rb6 Bd4 39. Rd1 Bc3 40. Rxh6
Kg7 41. Rb6 b4 42. Rb8 Rca5 43. Kh2 Ra2 44. f3 g4 45. Rf1 R7a6 46. Rd1 Bd4 47.
Rxd4 Ra1 0-1

[Event "Druzynowe Mistrzostwa Polski - II Liga Seniorow"]
[Site "Ustron/Slaski Zwiazek Szachowy"]
[Date "2008.09.12"]
[Round "6.72"]
[White "Tekielak, Izabela"]
[Black "Pokojska, Daria"]
[Result "0-1"]
[WhiteTitle "m"]
[BlackTitle "m"]
[WhiteElo "2091"]
[BlackElo "2150"]

1. e4 c5 2. Nf3 Nc6 3. c3 Nf6 4. d3 d6 5. Be2 g6 6. O-O Bg7 7. Re1 O-O 8. Bf1
e5 9. h3 d5 10. Qc2 Nh5 11. Bg5 f6 12. Be3 d4 13. cxd4 cxd4 14. Qb3+ Kh8 15.
Bd2 Qe7 16. Na3 g5 17. Qd1 Nf4 18. Bxf4 gxf4 19. Rc1 f5 20. exf5 Bxf5 21. Nd2
Nb4 22. Ne4 Nxa2 23. Rc4 Be6 24. Rc5 b6 25. Rb5 Bd7 26. Qb3 Bxb5 27. Qxb5 Qb4
28. Qd7 Qxe1 0-1

[Event "Druzynowe Mistrzostwa Polski - II Liga Seniorow"]
[Site "Ustron/Slaski Zwiazek Szachowy"]
[Date "2008.09.12"]
[Round "6.73"]
[White "Walach, Marcin"]
[Black "Shkapenko, Pavel"]
[Result "1/2-1/2"]
[WhiteTitle "FM"]
[BlackTitle "IM"]
[WhiteElo "2410"]
[BlackElo "2404"]

1. e4 c5 2. Nf3 e6 3. d4 cxd4 4. Nxd4 Nf6 5. Nc3 Nc6 6. Nxc6 bxc6 7. e5 Nd5 8.
Ne4 Bb7 9. c4 Nb4 10. c5 Qb8 11. f4 Ba6 12. a3 Bxf1 13. Rxf1 Nd5 14. Qd4 Be7
15. Bd2 O-O 16. O-O-O f5 17. exf6 Bxf6 18. Nxf6+ Rxf6 19. g4 Qb3 20. f5 Qh3 21.
Bg5 Rf7 22. Rg1 exf5 23. Rd3 Qxh2 24. Rd2 Qh3 25. Rd3 Qh2 26. Rd2 1/2-1/2

[Event "Druzynowe Mistrzostwa Polski - II Liga Seniorow"]
[Site "Ustron/Slaski Zwiazek Szachowy"]
[Date "2008.09.12"]
[Round "6.74"]
[White "Kos, Pawel"]
[Black "Kornasiewicz, Stanislaw"]
[Result "0-1"]
[WhiteTitle "k"]
[BlackTitle "FM"]
[WhiteElo "2275"]
[BlackElo "2235"]

1. d4 d6 2. Nf3 g6 3. c4 Bg7 4. Nc3 Nf6 5. e4 O-O 6. Be2 c6 7. O-O a6 8. Bg5 h6
9. Bh4 g5 10. Bg3 Nh5 11. h4 Nxg3 12. fxg3 g4 13. Ne1 h5 14. Nc2 e6 15. Qd2 Nd7
16. Rf2 c5 17. d5 Ne5 18. Raf1 Qe7 19. Bd3 Bd7 20. Ne2 b5 21. b3 bxc4 22. Bxc4
Ng6 23. Nf4 Nxf4 24. Qxf4 a5 25. a4 Kh7 26. Qd2 Be5 27. Qd3 Rab8 28. Kh1 Kg7
29. Na3 Bd4 30. Re2 Be5 31. Nb1 f5 32. exf5 exf5 33. Qe3 Qf6 34. Nd2 f4 35. Qg1
Bd4 36. Qh2 fxg3 37. Rxf6 gxh2 38. Rxf8 Rxf8 39. Kxh2 Be5+ 40. g3 Bf5 41. Kg2
Bg6 42. Re3 Bd4 43. Re7+ Rf7 44. Re2 Bc3 45. Ne4 Bxe4+ 46. Rxe4 Bd4 47. Re2 Rf3
48. Re7+ Kf8 49. Rh7 Be5 50. Rxh5 Rxg3+ 51. Kf2 Rh3 52. Rf5+ Ke7 53. h5 Rh2+
54. Kf1 g3 55. Rg5 Kf6 56. Rg6+ Kf5 57. Be2 Kf4 58. h6 Rf2+ 59. Ke1 Ke3 60. Bb5
Rh2 61. Bf1 Rh1 62. h7 Rxh7 63. Bg2 Rb7 64. Kd1 Rxb3 65. Kc1 Ra3 66. Bh3 Rxa4
67. Kc2 Rb4 68. Rg8 a4 69. Rf8 a3 70. Ra8 Rb2+ 71. Kc1 a2 72. Ra3+ Kf2 73. Bg4
Rb1+ 0-1

[Event "Druzynowe Mistrzostwa Polski - II Liga Seniorow"]
[Site "Ustron/Slaski Zwiazek Szachowy"]
[Date "2008.09.12"]
[Round "6.75"]
[White "Michalczyk, Stanislaw"]
[Black "Barwinski, Dionizy"]
[Result "0-1"]
[WhiteTitle "k"]
[BlackTitle "FM"]
[WhiteElo "2094"]
[BlackElo "2183"]

1. e4 c5 2. c3 d5 3. exd5 Qxd5 4. d4 e6 5. Na3 Qd8 6. Bf4 a6 7. Qb3 cxd4 8.
O-O-O Nc6 9. Nf3 Bc5 10. Nxd4 Bxd4 11. cxd4 Nge7 12. Nc4 O-O 13. Nb6 Ra7 14.
Be5 Nd5 15. Nxd5 exd5 16. Bd3 Nxe5 17. dxe5 Qg5+ 18. Kb1 Qxe5 19. Rhe1 Qf6 20.
Qxd5 Be6 21. Qe4 g6 22. Qe3 b6 23. Ka1 Raa8 24. f3 b5 25. Qe5 Qh4 26. Re4 Qf2
27. Re2 Qb6 28. h4 Rad8 29. Ree1 Rd4 30. h5 Rd5 31. Qf6 Rxh5 32. g4 Rd5 33.
Bxg6 Rxd1+ 34. Rxd1 fxg6 35. Qe7 Bf7 36. f4 Qa5 37. a3 Qa4 38. Rd8 Rxd8 39.
Qxd8+ Kg7 40. Qd6 Qe4 0-1

[Event "Druzynowe Mistrzostwa Polski - II Liga Seniorow"]
[Site "Ustron/Slaski Zwiazek Szachowy"]
[Date "2008.09.12"]
[Round "6.76"]
[White "Kalinowski, Roman"]
[Black "Zawierucha, Aleksander"]
[Result "1/2-1/2"]
[WhiteTitle "I"]
[BlackTitle "I++"]
[WhiteElo "2225"]
[BlackElo "2095"]

1. d4 Nf6 2. c4 e5 3. dxe5 Ng4 4. Nf3 Nc6 5. e3 Ngxe5 6. Nxe5 Nxe5 7. Be2 g6 8.
O-O Bg7 9. Bd2 O-O 10. Bc3 d6 11. f4 Nc6 12. Bxg7 Kxg7 13. e4 Qf6 14. Nc3 Qd4+
15. Qxd4+ Nxd4 16. Bd3 Bd7 17. Rae1 f6 18. Re3 Rfe8 19. Rfe1 c6 20. Bb1 Rad8
21. Rd1 c5 22. Rde1 1/2-1/2

[Event "Druzynowe Mistrzostwa Polski - II Liga Seniorow"]
[Site "Ustron/Slaski Zwiazek Szachowy"]
[Date "2008.09.12"]
[Round "6.77"]
[White "Waruga, Wojciech"]
[Black "Sosnowska, Elzbieta"]
[Result "1-0"]
[WhiteTitle "I"]
[BlackTitle "WFM"]
[WhiteElo "2017"]
[BlackElo "2008"]

1. e4 e5 2. Nf3 Nf6 3. d3 Nc6 4. c4 Bb4+ 5. Nc3 d6 6. Be2 h6 7. O-O Bxc3 8.
bxc3 O-O 9. Ne1 Qe7 10. Nc2 Nd8 11. f4 exf4 12. Bxf4 Ne6 13. Bg3 Nc5 14. Bh4 g5
15. Bg3 Bd7 16. Nd4 c6 17. Rb1 Rae8 18. Rb2 Bc8 19. Bf3 Be6 20. h3 Qc7 21. Rbf2
Kg7 22. Be2 Ncd7 23. c5 Nxe4 24. dxe4 Ne5 25. cxd6 Qa5 26. Nxe6+ Rxe6 27. d7
Nxd7 28. Qxd7 1-0

[Event "Druzynowe Mistrzostwa Polski - II Liga Seniorow"]
[Site "Ustron/Slaski Zwiazek Szachowy"]
[Date "2008.09.12"]
[Round "6.79"]
[White "Wieclaw, Michal"]
[Black "Szymanski, Piotr"]
[Result "0-1"]
[WhiteTitle "k"]
[BlackTitle "k+"]
[WhiteElo "2220"]
[BlackElo "2210"]

1. e4 g6 2. d4 Bg7 3. Nc3 d6 4. f4 a6 5. Nf3 b5 6. Bd3 Bb7 7. O-O Nd7 8. e5 e6
9. Ne4 Nb6 10. f5 exf5 11. Neg5 dxe5 12. dxe5 h6 13. e6 hxg5 14. exf7+ Kf8 15.
fxg8=Q+ Kxg8 16. Qe2 Qe8 17. Qxe8+ Rxe8 18. Bxg5 Bxb2 19. Rae1 Kg7 20. Be7 Bxf3
21. gxf3 Bd4+ 22. Kh1 Kf7 23. Bg5 c5 24. c4 Nxc4 25. Bxc4+ bxc4 26. Rb1 Rb8 27.
Rfe1 Rhe8 28. Rxb8 Rxe1+ 29. Kg2 Rg1+ 0-1

[Event "Druzynowe Mistrzostwa Polski - II Liga Seniorow"]
[Site "Ustron/Slaski Zwiazek Szachowy"]
[Date "2008.09.12"]
[Round "6.81"]
[White "Kaczmarek, Piotr"]
[Black "Obiedzinski, Pawel"]
[Result "0-1"]
[WhiteTitle "I"]
[BlackTitle "I++"]
[WhiteElo "1935"]
[BlackElo "2008"]

1. e4 c6 2. c4 d5 3. exd5 cxd5 4. d4 Nf6 5. Nc3 e6 6. Nf3 Be7 7. Bd3 O-O 8. O-O
Nc6 9. Bf4 b6 10. Rc1 Nb4 11. Nb5 Nxd3 12. Qxd3 dxc4 13. Qxc4 Nd5 14. Nc7 Bb7
15. Nxa8 Nxf4 16. d5 Bd6 17. Nc7 exd5 18. Qc2 d4 19. Kh1 Nxg2 20. Kxg2 Qg5+ 0-1